• 首页
  • 本馆介绍
  • 公告通知
  • 最新文献
  • 馆藏检索
  • 电子资源
  • 读者导购
  • 参考咨询
  • 我的图书馆
  • 登录
  • 详细信息显示
  • 放入我的书架
  • 预约/预借图书
  • 作者相关作品
  • 分类相关作品
  • 丛书相关作品
  • 出版社相关作品

书目信息

  • 表格格式
  • 工作单格式
  • 卡片格式
题名:
和教师的谈话
    
 
作者: 赞科夫, 著 ;管海霞 译
分册:  
出版信息: 武汉   长江文艺出版社  2017.10
页数: 196页
开本: 24cm
丛书名: 大教育书系
单 册:
中图分类: G632.0
科图分类:
主题词: 教学理论--jiao xue li lun--中小学
电子资源:
ISBN: 978-7-5354-9749-9
000 01193nam 2200289 450
001 1957044780
005 20171027132043.2
010    @a978-7-5354-9749-9@dCNY 29.80
100    @a20171026d2017 em y0chiy50 ea
101 1  @achi@crus
102    @aCN@b420000
105    @ay a 000yy
200 1  @a和教师的谈话@Ahe jiao shi de tan hua@d= Беседыс учителями@f(苏) 列·符·赞科夫著@g管海霞译@zrus
210    @a武汉@c长江文艺出版社@d2017.10
215    @a196页@d24cm
225 2  @a大教育书系@Ada jiao yu shu xi@i做教育的思想者@v1
314    @a列·符·赞科夫, 苏联著名教育家、心理学家。
320    @a有书目 (第192-196页)
330    @a赞科夫以长期实验积累起来的研究成果, 在与教师的谈话中论述了新教学论同传统教学论的基本分歧, 针对小学低年级的许多教学问题提出了新观点。有助于我们进一步从传统教学体系的束缚下解脱出来, 探索教学新路子。
410  0 @12001 @a大教育书系@i做教育的思想者@v1
500 10 @aБеседыс учителями@mChinese
606 0  @a教学理论@Ajiao xue li lun@x中小学
690    @aG632.0@v5
701  1 @a赞科夫,@Azan ke fu@b列·符,@f1901-1977@4著
702  0 @a管海霞@Aguan hai xia@4译
801  0 @aCN@b人天书店@c20171026
905    @aBZT@dG632.0@e11
    
    和教师的谈话= Беседыс учителями/(苏) 列·符·赞科夫著/管海霞译.-武汉:长江文艺出版社,2017.10
    196页;24cm.-(大教育书系.做教育的思想者;1)
    
    
    ISBN 978-7-5354-9749-9:CNY 29.80
    赞科夫以长期实验积累起来的研究成果, 在与教师的谈话中论述了新教学论同传统教学论的基本分歧, 针对小学低年级的许多教学问题提出了新观点。有助于我们进一步从传统教学体系的束缚下解脱出来, 探索教学新路子。
●
相关链接 在五车中查询图书 在当当中查询图书 在豆瓣中查询图书


正题名:和教师的谈话     索取号:G632.0/11         预约/预借

序号 登录号 条形码 馆藏地/架位号 状态 备注
1 862874   2000862874   第二书库/ [索取号:G632.0/11] 在馆    
2 862875   2000862875   第二书库/ [索取号:G632.0/11] 在馆    
3 862876   2000862876   第二书库/ [索取号:G632.0/11] 在馆    
山东省滨州职业学院图书馆 欢迎您!
大连网信软件有限公司© 版权所有